书目信息 |
| 题名: |
信号处理滤波器设计
|
|
| 作者: | 卢特威 著 | |
| 分册: | ||
| 出版信息: | 北京 电子工业出版社 2004.01 |
|
| 页数: | 594页 | |
| 开本: | 20cm | |
| 丛书名: | ||
| 单 册: | ||
| 中图分类: | TN713 | |
| 科图分类: | ||
| 主题词: | 滤波技术 , 滤波器 | |
| 电子资源: | ||
| ISBN: | 7-5053-8710-3 | |
| 000 | 00692nam0 2200217 450 | |
| 001 | 0754665580 | |
| 005 | 20071217151356.21 | |
| 010 | @a7-5053-8710-3@dCNY59.00 | |
| 100 | @a20071217d2004 km y0chiy0120 ea | |
| 101 | 0 | @achi |
| 102 | @aCN@b110000 | |
| 200 | 1 | @a信号处理滤波器设计@Axin hao chu li lu bo qi she ji@e基于MATLAB和Mathematica的设计方法@f卢特威等著@Flu te wei deng zhu |
| 210 | @a北京@c电子工业出版社@d2004.01 | |
| 215 | @a594页@d20cm | |
| 517 | 1 | @a基于MATLAB和Mathematica的设计方法@Aji yu MATLAB he Mathematica de she ji fang fa |
| 606 | 0 | @a滤波技术 |
| 606 | 0 | @a滤波器 |
| 690 | @aTN713@v4 | |
| 701 | 0 | @a卢特威@Alu te wei@4著 |
| 801 | 0 | @aCN@c20071217 |
| 905 | @dTN713@eL789 | |
| 信号处理滤波器设计:基于MATLAB和Mathematica的设计方法/卢特威等著.-北京:电子工业出版社,2004.01 |
| 594页;20cm |
| ISBN 7-5053-8710-3:CNY59.00 |
| ● |
| 相关链接 |
|
|
|
正题名:信号处理滤波器设计
索取号:TN713/L789
 
预约/预借
| 序号 | 登录号 | 条形码 | 馆藏地/架位号 | 状态 | 备注 |
| 1 | 450778 | 204507783 | 自科库301/301自科库 31排3列4层/ [索取号:TN713/L789] | 在馆 | |
| 2 | 450779 | 204507792 | 自科二线404/404自科库 10排1列4层/ [索取号:TN713/L789] | 在馆 | |
| 3 | 450872 | 204508728 | 自科库301/301自科库 31排3列4层/ [索取号:TN713/L789] | 在馆 | |
| 4 | 450873 | 204508737 | 自科二线404/301自科库 24排1列3层/ [索取号:TN713/L789] | 在馆 | |
| 5 | 450874 | 204508746 | 自科二线404/301自科库 24排1列3层/ [索取号:TN713/L789] | 在馆 |